<?xml version="1.0" encoding="UTF-8"?>
<record
    xmlns:xsi="http://www.w3.org/2001/XMLSchema-instance"
    xsi:schemaLocation="http://www.loc.gov/MARC21/slim http://www.loc.gov/standards/marcxml/schema/MARC21slim.xsd"
    xmlns="http://www.loc.gov/MARC21/slim">

  <leader>00775nam a22002177a 4500</leader>
  <controlfield tag="005">20231124142757.0</controlfield>
  <controlfield tag="008">231124b        sa ||||| |||| 00| 0 ZUL d</controlfield>
  <datafield tag="020" ind1=" " ind2=" ">
    <subfield code="a">9781919876276</subfield>
    <subfield code="q">pbk</subfield>
  </datafield>
  <datafield tag="040" ind1=" " ind2=" ">
    <subfield code="a">RDA</subfield>
    <subfield code="c">3228</subfield>
  </datafield>
  <datafield tag="082" ind1=" " ind2=" ">
    <subfield code="2">23</subfield>
    <subfield code="a">ZUL JF BEBE</subfield>
  </datafield>
  <datafield tag="100" ind1=" " ind2=" ">
    <subfield code="a">Bebey, Kidi</subfield>
    <subfield code="9">90933</subfield>
  </datafield>
  <datafield tag="245" ind1=" " ind2=" ">
    <subfield code="a">Kungani mina ngingekho ezithombeni? : indaba evela eCameroon /</subfield>
  </datafield>
  <datafield tag="260" ind1=" " ind2=" ">
    <subfield code="a">Cape Town;</subfield>
    <subfield code="b">New Africa Books (Pty) Ltd;</subfield>
    <subfield code="c">2001.</subfield>
  </datafield>
  <datafield tag="300" ind1=" " ind2=" ">
    <subfield code="a">23 pages;</subfield>
    <subfield code="b">colour illustrations;</subfield>
    <subfield code="c">19 cm.</subfield>
  </datafield>
  <datafield tag="500" ind1=" " ind2=" ">
    <subfield code="a">Zulu translation of: Pourquoi je ne suis pas sur la photo?.</subfield>
  </datafield>
  <datafield tag="521" ind1=" " ind2=" ">
    <subfield code="a">Juvenile fiction</subfield>
    <subfield code="b">title of the book</subfield>
  </datafield>
  <datafield tag="650" ind1=" " ind2=" ">
    <subfield code="a">Zulu language-Readers</subfield>
    <subfield code="z">Cape Town</subfield>
    <subfield code="9">180920</subfield>
  </datafield>
  <datafield tag="700" ind1=" " ind2=" ">
    <subfield code="a">Nxumalo, S.L.</subfield>
    <subfield code="e">translator</subfield>
    <subfield code="9">180203</subfield>
  </datafield>
  <datafield tag="700" ind1=" " ind2=" ">
    <subfield code="a">Ntuli, Danisile</subfield>
    <subfield code="e">editor</subfield>
    <subfield code="9">138000</subfield>
  </datafield>
  <datafield tag="942" ind1=" " ind2=" ">
    <subfield code="2">ddc</subfield>
    <subfield code="c">BOOK</subfield>
    <subfield code="w">378</subfield>
    <subfield code="x">Patrick Mahlalela</subfield>
    <subfield code="y">378</subfield>
    <subfield code="z">Patrick Mahlalela</subfield>
  </datafield>
  <datafield tag="999" ind1=" " ind2=" ">
    <subfield code="c">761039</subfield>
    <subfield code="d">761038</subfield>
  </datafield>
  <datafield tag="952" ind1=" " ind2=" ">
    <subfield code="0">0</subfield>
    <subfield code="1">0</subfield>
    <subfield code="2">ddc</subfield>
    <subfield code="4">0</subfield>
    <subfield code="7">0</subfield>
    <subfield code="8">F</subfield>
    <subfield code="a">STANRL</subfield>
    <subfield code="b">SECL</subfield>
    <subfield code="c">CHILD</subfield>
    <subfield code="d">2023-11-24</subfield>
    <subfield code="g">74.00</subfield>
    <subfield code="l">0</subfield>
    <subfield code="o">ZUL JF BEBE</subfield>
    <subfield code="p">33228031007253</subfield>
    <subfield code="r">2023-11-24</subfield>
    <subfield code="w">2023-11-24</subfield>
    <subfield code="y">BOOK</subfield>
  </datafield>
  <datafield tag="952" ind1=" " ind2=" ">
    <subfield code="0">0</subfield>
    <subfield code="1">0</subfield>
    <subfield code="2">ddc</subfield>
    <subfield code="4">0</subfield>
    <subfield code="7">0</subfield>
    <subfield code="a">LYDEL</subfield>
    <subfield code="b">LYDBL</subfield>
    <subfield code="c">FIC</subfield>
    <subfield code="d">2024-07-01</subfield>
    <subfield code="l">0</subfield>
    <subfield code="o"> ZUL JF BEBE</subfield>
    <subfield code="p">3322803185044</subfield>
    <subfield code="r">2024-07-01</subfield>
    <subfield code="w">2024-07-01</subfield>
    <subfield code="y">BOOK</subfield>
  </datafield>
  <datafield tag="952" ind1=" " ind2=" ">
    <subfield code="0">0</subfield>
    <subfield code="1">0</subfield>
    <subfield code="2">ddc</subfield>
    <subfield code="4">0</subfield>
    <subfield code="7">0</subfield>
    <subfield code="8">F</subfield>
    <subfield code="a">ERMELL</subfield>
    <subfield code="b">ERMELL</subfield>
    <subfield code="c">CHILD</subfield>
    <subfield code="d">2024-09-07</subfield>
    <subfield code="g">74.00</subfield>
    <subfield code="l">0</subfield>
    <subfield code="o">ZUL JF BEBE</subfield>
    <subfield code="p">3322803175907</subfield>
    <subfield code="r">2024-09-07</subfield>
    <subfield code="w">2024-09-07</subfield>
    <subfield code="y">BOOK</subfield>
  </datafield>
</record>
